00000000cam 2200000zi 4500
0019.955397
003CaOODSP
00520260605085844
006m     o  d f      
007cr |||||||||||
008250916e20251124onc     ob   f000 0 eng d
020 |a9780660789958
040 |aCaOODSP|beng|erda|cCaOODSP
043 |an-cn---
0861 |aBT53-34/2025E-PDF|zBBT53-34/2025E-PDF
24500|aDirective on the management of projects and programmes (update).
264 1|aOttawa, Ontario : |bTreasury Board of Canada Secretariat = Secrétariat du Conseil du trésor du Canada, |cNovember 24, 2025.
264 4|c©2025
300 |a1 online resource (47 pages)
336 |atext|btxt|2rdacontent
337 |acomputer|bc|2rdamedia
338 |aonline resource|bcr|2rdacarrier
500 |aTitle from cover.
500 |aIssued also in French under title: Directive sur la gestion de projets et programmes (mise a jour).
504 |aIncludes bibliographical references.
520 |a"The objective of this directive is that government projects and programmes are effectively planned, implemented, monitored and controlled, and closed to enable the realization of the expected benefits and results for Canadians"--Objectives, page 2.
650 0|aProject management|xGovernment policy|zCanada.
7101 |aCanada. |bTreasury Board, |eissuing body.
77508|tDirective sur la gestion de projets et programmes.|w(CaOODSP)9.955398
795 |tDirective on the management of projects and programmes.|w(CaOODSP)9.873644
85640|qPDF|s970 KB|uhttps://publications.gc.ca/collections/collection_2026/sct-tbs/BT53-34-2025-eng.pdf
8564 |qHTML|sN/A|uhttps://www.tbs-sct.canada.ca/pol/doc-eng.aspx?id=32594